ESSENTIALS OF FARM FINANCIAL MANAGEMENT (Record no. 297257)
[ view plain ]
| 000 -LEADER | |
|---|---|
| fixed length control field | 004230000a22001570004500 |
| 082 ## - DEWEY DECIMAL CLASSIFICATION NUMBER | |
| Classification number | 338.13 JOH/ES |
| 100 ## - MAIN ENTRY--PERSONAL NAME | |
| Personal name | JOHL, S S |
| Date of a work | Author |
| 100 ## - MAIN ENTRY--PERSONAL NAME | |
| Personal name | MOORE, C V |
| Date of a work | Author |
| 245 ## - TITLE STATEMENT | |
| Title | ESSENTIALS OF FARM FINANCIAL MANAGEMENT |
| 260 ## - PUBLICATION, DISTRIBUTION, ETC. (IMPRINT) | |
| Place of publication, distribution, etc. | NEW DELHI, TODAY & TOMORROW'S |
| 260 ## - PUBLICATION, DISTRIBUTION, ETC. (IMPRINT) | |
| Date of publication, distribution, etc. | 2009 |
| 300 ## - PHYSICAL DESCRIPTION | |
| Extent | pages 152 |
| 650 ## - SUBJECT ADDED ENTRY--TOPICAL TERM | |
| Topical term or geographic name as entry element | CENTRAL AND STATE COOPERATIVE BANKS |
| 650 ## - SUBJECT ADDED ENTRY--TOPICAL TERM | |
| Topical term or geographic name as entry element | VILLAGE LEVEL CREDIT SOCIETIES |
| 942 ## - ADDED ENTRY ELEMENTS (KOHA) | |
| Koha item type | Books (General) |
| Withdrawn status | Lost status | Damaged status | Not for loan | Home library | Current library | Date acquired | Total Checkouts | Full call number | Barcode | Date last seen | Date checked out | Price effective from | Koha item type |
|---|---|---|---|---|---|---|---|---|---|---|---|---|---|
| College of Agriculture, Padannakkad | College of Agriculture, Padannakkad | 24/07/2013 | 1 | 338.13 JOH/ES | KAU_COAP-08725 | 11/02/2020 | 05/02/2020 | 24/07/2013 | Books (General) |
